Τουραντότ = Turandot : [1926] : όπερα σε τρεις πράξεις

Αποθηκεύτηκε σε:
Λεπτομέρειες βιβλιογραφικής εγγραφής
Κύριος συγγραφέας: Puccini, Giacomo, 1858-1924
Άλλοι συγγραφείς: Adami, Giuseppe, 1878-1946 (Λιμπρετίστας), Simoni, Renato 1875-1952 (Λιμπρετίστας), Ταχμαζίδου, Λένα (trlf [Μεταφράστρια]), Σοφράς, Ερρίκος (edt [Επιμελητής])
Μορφή: Βιβλίο
Γλώσσα:Greek
Italian
Δημοσίευση: [Αθήνα] : Εθνική Λυρική Σκηνή, [2007].
Θέματα:
Ετικέτες: Προσθήκη ετικέτας
Δεν υπάρχουν, Καταχωρήστε ετικέτα πρώτοι!

MARC

LEADER 00000cam a2200000 i 4500
001 1/100955
008 090210s2007####gr | | ||| |||| ||gre||
035 |l 10103063 
040 |a GR-MY-UA  |b gre  |e aacr 
041 0 |a gre  |a ita 
082 0 |a 782.10268   |2 (22) 
100 1 |a Puccini, Giacomo,   |d 1858-1924. 
245 1 0 |a Τουραντότ =   |b Turandot : [1926] : όπερα σε τρεις πράξεις /   |c Τζιάκομο Πουτσίνι ; ποιητικό κείμενο Τζουζέππε Αντάμι, Ρενάτο Σιμόνι ; μετάφραση Λένα Ταχμαζίδου ; επιμέλεια κειμένων Ερρίκος Σοφράς.  
246 1 |i Παράλληλος τίτλος:   |a Turandot  
260 |a [Αθήνα] :   |b Εθνική Λυρική Σκηνή,   |c [2007].  
300 |a 125 σ. :   |b έγχρ. εικ. ;   |c 21 εκ.  
500 |a Βασισμένο στο ομότιτλο θεατρικό παραμύθι του Κάρλο Γκότσι.  
500 |a Εθνική Λυρική Σκηνή 2007/8, αριθμός έκδοσης 15.  
500 |a Επιμέλεια έκδοσης Νίκος Α. Δοντάς, καλλιτεχνική επιμέλεια Γιάννης Κουρούδης / k2design.  
600 1 0 |a Puccini, Giacomo,   |d 1858-1924  |x Stories, plots, etc. 
650 0 0 |a Operas  |x Stories, plots, etc. 
650 0 0 |a Operas  |x Librettos. 
700 1 |a Adami, Giuseppe,   |d 1878-1946,  |e lbt 
700 1 |a Simoni, Renato  |d 1875-1952,  |e lbt 
700 1 |a Ταχμαζίδου, Λένα,  |e trlf [Μεταφράστρια] 
700 1 |a Σοφράς, Ερρίκος,  |e edt [Επιμελητής] 
852 |a INST  |b LESVOS  |e 20090210  |h 782.10268 PUC  |p 005100039942  |q 005100039942  |t BK  |y 0 
901 |a BIBL1-2009-1 
909 |a Λ  |b 121683 
970 |a ΤΖΑΦΕΡΗ  |b ΕΥΑΓΓΕΛΙΑ  |z 2009/02/09